000 00527nam a2200145Ia 4500
008 191108s9999 xx 000 0 und d
020 _a978-971-92221-9-4
100 _aSantos, Rhoderick
245 _cRhoderick Santos .--
_aEssentials of invesments in the Philippine capital market /
250 _a2nd ed.
260 _aLas PiƱas City:
_bSouthville International Schools and Colleges Systems Publication
_c2011
300 _a608 pages :
500 _aIncludes bibliographical references and index.
650 _aInvestment.
999 _c362520
_d362520